Biblioteka Instytutu Północnego w Olsztynie

Kościuszko : (Rekord nr 27806)

Szczegóły MARC
000 -Nagłówek
fixed length control field 01371cam a2200373 i 4500
001 - Nr kontrolny bibl., która utworzyła rek.
control field xx001693318
003 - Siglum bibl., której nr kontr. jest w 001
control field NUKAT
005 - Data i czas ostatniej operacji
control field 20260427204607.0
008 - Elementy pola stałej długości
fixed length control field 100526s1906 xx |000 0bpol c
035 ## - Systemowy numer kontrolny
systemowy numer kontrolny (OCoLC)751420996
035 ## - Systemowy numer kontrolny
systemowy numer kontrolny (NUKAT)xx001693318
040 ## - Instytucja sporządzająca opis
Instytucja, która sporządziła opis WA U/76BM
Instytucja, która sporządziła rekord WA U/BM
Instytucja, która zmodyfikowała rekord WA U/DP
-- WA U/BMs
-- KAT U/MB
045 2# - Okres czasu dla zawartości
czas między r. 9999 pne a nasz. czas. d1746
-- d1817
046 ## - Kod rodz. daty, data1, data2 (daty pne)
Begin/single date 1906
100 1# - Hasło główne-nazwa osobowa
Nazwa osobowa Korzon, Tadeusz
Daty biograficzne (1839-1918).
9 (RLIN) 4264
245 10 - Tytuł właściwy i oznaczenie odpow.
tytuł Kościuszko :
dodatek do tytułu biografia z dokumentów wysnuta : dopełnienia przy wydaniu drugiem /
dod. inf. ze s. tyt./ozn. odpow. przez Tadeusza Korzona.
260 ## - Adres wydawniczy
miejsce wydania, dystrybucji itp. [S.l.] :
nazwa wydawcy, dystrybutora itp. nakł. autora ;
miejsce wydania, dystrybucji itp. Kraków :
nazwa wydawcy, dystrybutora itp. G. Gebethner i Spółka ;
miejsce wydania, dystrybucji itp. Warszawa :
nazwa wydawcy, dystrybutora itp. Gebethner i Wolff,
data wydania, dystrybucji itp. [1906]
miejsce druku (Kraków :
nazwa drukarni Druk Wł. L. Anczyca i Sp.).
300 ## - Opis fizyczny
objętość i/lub forma materiału [2], LXXXVI s. :
inne szczegóły opisu fizycznego err. ;
format 23 cm.
336 ## - Content Type
Term Tekst
Code txt
Source rdacontent
337 ## - Media Type
Term Bez urządzenia pośredniczącego
Code n
Source rdamedia
338 ## - Carrier Type
Term Wolumin
Code nc
Source rdacarrier
380 ## - Form of work
Form of work Książki
380 ## - Form of work
Form of work Literatura faktu, eseje, publicystyka
388 1# - TIME PERIOD OF CREATION
Time period of creation term 1901-2000
500 ## - Uwaga ogólna
uwaga ogólna Rok wyd. wg PB.
510 4# - Uwaga o cytowaniu lub źródłach opisu bibliogr.
nazwa źródła PB. - 1906,
lokaliz. opracowania w źródle s. 171.
600 14 - Hasło przedmiotowe-nazwa osobowa
nazwa osobowa Kościuszko, Tadeusz
daty biograficzne (1746-1817)
określnik formy biografie.
źródło hasła kaba
9 (RLIN) 12469
600 17 - Hasło przedmiotowe-nazwa osobowa
nazwa osobowa Kościuszko, Tadeusz
daty biograficzne (1746-1817)
źródło hasła DBN
9 (RLIN) 39611
648 #7 - SUBJECT ADDED ENTRY--CHRONOLOGICAL TERM
Chronological term 1701-1800
Source of heading or term DBN
9 (RLIN) 36035
648 #7 - SUBJECT ADDED ENTRY--CHRONOLOGICAL TERM
Chronological term 1801-1900
Source of heading or term DBN
9 (RLIN) 36037
655 #7 - Termin określający rodzaj/formę
rodzaj/forma Biografia
źródło terminu DBN
9 (RLIN) 35059
658 ## - Nazwa określająca cel programu nauczania
główny cel programu nauczania Historia
942 ## - ADDED ENTRY ELEMENTS (KOHA)
Source of classification or shelving scheme Dewey Decimal Classification
Koha item type pozycje dostępne na miejscu
Egzemplarze
Status wycofania Status zagubienia Klasyfikacja Status uszkodzenia Blokada wypożyczeń Kolekcja Lokalizacja macierzysta Lokalizacja bieżąca Data nabycia Numer akcesji Źródło akcesji Nr inwentarzowy il. wypożyczeń Sygnatura Kod kreskowy Date last seen Price effective from Typ egz.
    Dewey Decimal Classification nieuszkodzona   Pracownia Badań Księgozbiorów Historycznych Biblioteka Instytutu Północnego w Olsztynie Pracownia Badań Księgozbiorów Historycznych 27/04/2026 K-66/1965 kupno 16376   16376 IPWK16699 27/04/2026 27/04/2026 pozycje dostępne na miejscu
Biblioteka Instytutu Północnego, ul. Partyzantów 87, 10-402 Olsztyn, email: biblioteka(at)ip.olsztyn.pl